Black children, white adopters: an exploration in uncertainty
| Main Author: | |
|---|---|
| Format: | Print Book |
| Language: | English |
| Published: |
Norwich
Univ. of East Anglia
1985
|
| In: |
Social work monograph (31)
Year: 1985 |
| Availability in Tübingen: | Present in Tübingen. UB: KB 6 E 873 |
| Check availability: | HBZ Gateway |
| Subito Delivery Service: | Order now. |
MARC
| LEADER | 00000cam a2200000 c 4500 | ||
|---|---|---|---|
| 001 | 1091102651 | ||
| 003 | DE-627 | ||
| 005 | 20251224220351.0 | ||
| 007 | tu | ||
| 008 | 900724s1985 xx ||||| 00| ||eng c | ||
| 020 | |a 0946751129 |9 0-946751-12-9 | ||
| 035 | |a (DE-627)1091102651 | ||
| 035 | |a (DE-576)021102651 | ||
| 035 | |a (DE-599)BSZ021102651 | ||
| 035 | |a (OCoLC)19669124 | ||
| 040 | |a DE-627 |b ger |c DE-627 |e rakwb | ||
| 041 | |a eng | ||
| 082 | 0 | |a 362.7/34 | |
| 100 | 1 | |a White, Hilary |4 aut | |
| 245 | 1 | 0 | |a Black children, white adopters |b an exploration in uncertainty |
| 264 | 1 | |a Norwich |b Univ. of East Anglia |c 1985 | |
| 300 | |a 30 Bl. | ||
| 336 | |a Text |b txt |2 rdacontent | ||
| 337 | |a ohne Hilfsmittel zu benutzen |b n |2 rdamedia | ||
| 338 | |a Band |b nc |2 rdacarrier | ||
| 490 | 1 | |a Social work monograph |v 31 | |
| 500 | |a Literaturverz. S. 29 - 30 | ||
| 583 | 1 | |a Archivierung prüfen |c 20200919 |f DE-640 |z 1 |2 pdager | |
| 830 | 0 | |a Social work monograph |v 31 |9 31 |w (DE-627)1083723081 |w (DE-576)013723081 |7 am | |
| 951 | |a BO | ||
| ELC | |b 1 | ||
| LOK | |0 000 xxxxxcx a22 zn 4500 | ||
| LOK | |0 001 2148110896 | ||
| LOK | |0 003 DE-627 | ||
| LOK | |0 004 1091102651 | ||
| LOK | |0 005 19900724000000 | ||
| LOK | |0 008 900724||||||||||||||||ger||||||| | ||
| LOK | |0 040 |a DE-21 |c DE-627 |d DE-21 | ||
| LOK | |0 852 |a DE-21 | ||
| LOK | |0 852 1 |c KB 6 E 873 |9 00 | ||
| LOK | |0 935 |a krim | ||
| LOK | |0 936ln |a k1 | ||
| LOK | |0 939 |a 24-07-90 |b l01 | ||
| ORI | |a SA-MARC-krimdoka001.raw | ||
| SIG | |a UB: KB 6 E 873 | ||
